Conservation of bridges (Record no. 102619)

MARC details
000 -LEADER
fixed length control field 00937cam a2200217 4500
008 - FIXED-LENGTH DATA ELEMENTS--GENERAL INFORMATION
fixed length control field 030120n2002 000 0 eng u
020 ## - INTERNATIONAL STANDARD BOOK NUMBER
International Standard Book Number 0419259104
035 ## - SYSTEM CONTROL NUMBER
System control number (Sirsi) u121063
041 ## - LANGUAGE CODE
Language code of text/sound track or separate title eng.
050 ## - LIBRARY OF CONGRESS CALL NUMBER
Classification number 624.2
-- 18
100 ## - MAIN ENTRY--PERSONAL NAME
Personal name Tilly, Graham
245 ## - TITLE STATEMENT
Title Conservation of bridges
260 ## - PUBLICATION, DISTRIBUTION, ETC.
Place of publication, distribution, etc. London
Name of publisher, distributor, etc. Spon
Date of publication, distribution, etc. 2002
300 ## - PHYSICAL DESCRIPTION
Extent xi, 404p.
Other physical details ill.
Dimensions 29cm.
350 ## - PRICE (NR) (BK AM CF MU VM SE) [OBSOLETE]
Price 55
520 ## - SUMMARY, ETC.
Summary, etc. A comprehensive guide to the conservation of older bridges, including highway, railway, river, canal and pedestrian bridges. Offers guidance and recommendations for bridge conservation, repair and maintenance strategies. Also proposes a new approach to best practice for bridge conservation. Includes international case studies and full colour illustrative photographs.
650 ## - SUBJECT ADDED ENTRY--TOPICAL TERM
Topical term or geographic name entry element BRIDGES
650 ## - SUBJECT ADDED ENTRY--TOPICAL TERM
Topical term or geographic name entry element BRIDGE MAINTENANCE
690 ## - LOCAL SUBJECT ADDED ENTRY--TOPICAL TERM (OCLC, RLIN)
Topical term or geographic name as entry element BUILT ENVIRONMENT-BUILDING MAINTENANCE AND REFURBISHMENT-BUILDING CONSERVATION
942 ## - ADDED ENTRY ELEMENTS (KOHA)
Suppress in OPAC 0
Holdings
Withdrawn status Lost status Source of classification or shelving scheme Damaged status Not for loan Home library Current library Shelving location Date acquired Cost, normal purchase price Total Checkouts Full call number Barcode Date last seen Copy number Cost, replacement price Price effective from Koha item type
    Dewey Decimal Classification     London London Folio 06/02/2003 46.75   F624.2 TIL 30068375 06/08/2019 1 46.75 06/08/2019 Book